Quiz do Mónaco - Statistics

Estatísticas Gerais
  • Esse quiz foi jogado 1 185 vezes
  • A pontuação média é 8 de 16
Estatísticas das Respostas
Questão Resposta % Correto
O único país fazendo fronteira com o Mónaco França
99%
Língua oficial Francês
94%
Mar onde o Mónaco está Mediterrâneo
89%
Brasileiro que venceu o acima seis vezes, mais do que qualquer outra pessoa Ayrton Senna
79%
Mónaco é o país mais ____ do mundo, na frente de Liechtenstein e Catar Rico
78%
Grande evento realizado anualmente em Mónaco desde 1929 {Grande} {Prémio} do Mónaco
76%
Mónaco tem uma ______ populacional maior do que qualquer país Densidade
62%
Mónaco tem a maior _______ __ ____ de qualquer país, com 90 anos Expectativa de vida
47%
Famoso casino que abriu em 1863 Monte Carlo
43%
Semideus que, de acordo com uma lenda, construiu o porto de Mónaco Hércules
31%
Atriz americana que se casou com o Príncipe Rainier em 1956 Grace Kelly
29%
Dialeto do lígure falado no Mónaco Monegasco
29%
Mónaco fica nesta região costal, também conhecida como Riviera Francesa Costa Azul
24%
Monarca atual Alberto II
23%
Cidade italiana próxima que construiu um forte no Rochedo do Mónaco em 1215, um evento considerado como o começo da história moderna de Mónaco Génova
21%
Família real Grimaldi
18%
Nenhum quiz correspondente encontrado
Distribuição das Pontuações
Porcentagem de Pessoas com Cada Pontuação
Percentil de Números Respondidos
Sua Pontuação Histórica
Você não jogou esse quiz